Countries with the Most 1 Million Cities - Statistics

General Stats
  • This quiz has been taken 71 times
  • The average score is 39 of 50
Answer Stats
# Number of cities Answer % Correct
1 105 China
100%
2 46 India
100%
3 16 Russia
100%
10 9 United States of America
100%
4 15 Brazil
97%
27 3 South Africa
97%
21 4 Egypt
95%
24 4 Spain
95%
17 5 Canada
94%
23 4 Germany
94%
8 10 Mexico
94%
14 6 Nigeria
94%
7 10 Pakistan
94%
6 13 Japan
92%
16 5 Colombia
91%
5 14 Indonesia
91%
11 8 Iran
89%
29 3 Argentina
88%
20 5 Australia
88%
25 4 Iraq
88%
26 3 Bangladesh
86%
22 4 Democratic Republic of the Congo
86%
18 5 Saudi Arabia
86%
34 2 Italy
85%
9 10 South Korea
85%
13 7 Turkey
83%
19 5 Venezuela
83%
12 7 Vietnam
83%
38 2 Morocco
82%
33 2 Ethiopia
77%
42 2 Peru
77%
30 3 Ukraine
75%
39 2 Malaysia
74%
35 2 Kenya
72%
15 5 Philippines
72%
32 3 United Arab Emirates
69%
28 3 Sudan
66%
50 2 Republic of the Congo
65%
31 3 Kazakhstan
63%
37 2 Afghanistan
62%
36 2 Myanmar
58%
47 2 Dominican Republic
54%
46 2 Ecuador
54%
44 2 Syria
54%
41 2 Ghana
52%
43 2 Cameroon
51%
45 2 Somalia
49%
48 2 Sweden
48%
49 2 Libya
40%
40 2 Mozambique
40%
No matching quizzes found
Score Distribution
Percent of People with Each Score
Percentile by Number Answered
Your Score History
You have not taken this quiz